[Event "Spring Tournament 2016 1500-2400"]
[Site "SchemingMind.com"]
[Date "2016.04.08"]
[Round "-"]
[White "Scooter"]
[Black "fanfan_la_Tulipe"]
[Result "0-1"]
[WhiteCountry "USA"]
[BlackCountry "AUT"]
[WhiteElo "1745"]
[WhiteRD "53"]
[BlackElo "2184"]
[BlackRD "88"]
[GameID "397791"]

1. d4 Nf6 2. Nf3 g6 3. Bf4 Bg7 4. e3 O-O 5. Be2 c5 6. c3 b6 7. O-O Bb7 8. Nbd2 d6 9. h3 Nbd7 10. Qc2 Re8
11. Bb5 a6 12. Bxd7 Nxd7 13. Rfe1 e5 14. dxe5 dxe5 15. Bg5 Qc7 16. Rad1 h6 17. Bh4 e4 18. Bg3 Qc6 19. Nh2 Rad8 20. Nhf1 Ne5
21. Bxe5 Bxe5 22. Nc4 Bc7 23. Rxd8 Rxd8 24. Rd1 b5 25. Rxd8+ Bxd8 26. Ne5 Qe6 27. Ng4 h5 28. Ngh2 Qd6 29. Nd2 Bc7 30. g3 Qd3
31. Qxd3 exd3 32. c4 Be5 33. b3 Bc3 34. Nhf1 Kg7 35. e4 Kf6 36. f4 Bd4+ 37. Kg2 Ke6 38. g4 hxg4 39. hxg4 f5 40. Kf3 bxc4
41. bxc4 fxe4+ 42. Nxe4 a5 43. Nd2 a4 44. Kg3 Be3 45. a3 Bc6 46. Ng5+ Ke7 47. Nge4 Ke6 48. Nf1 Bd4 49. Kf3 Bb2 50. Ke3 Bxa3
51. Kxd3 Bxe4+ 52. Kxe4 Bc1 53. f5+ gxf5+ 54. gxf5+ Kf7 55. Kd3 a3
0-1

[Event "Spring Tournament 2016 1500-2400"]
[Site "SchemingMind.com"]
[Date "2016.04.08"]
[Round "-"]
[White "fanfan_la_Tulipe"]
[Black "Scooter"]
[Result "1-0"]
[WhiteCountry "AUT"]
[BlackCountry "USA"]
[WhiteElo "2177"]
[WhiteRD "82"]
[BlackElo "1731"]
[BlackRD "47"]
[GameID "397792"]

1. Nf3 Nf6 2. c4 g6 3. g3 Bg7 4. Bg2 O-O 5. O-O d6 6. d4 Bg4 7. Nc3 Nbd7 8. Re1 Bxf3 9. Bxf3 c6 10. e4 e5
11. d5 cxd5 12. Nxd5 Rc8 13. b3 Nb6 14. Nxb6 Qxb6 15. Be3 Qc7 16. Qd2 b6 17. Rad1 Rfd8 18. h3 a6 19. Qb4 Rb8 20. Rd3 Bf8
21. Red1 d5 22. Qd2 d4 23. Bg5 Be7 24. Bg2 Kg7 25. f4 Nh5 26. fxe5 Qxe5 27. Bxe7 Qxe7 28. Rxd4 Re8 29. g4 Nf6 30. Re1 Rbd8
31. Rxd8 Rxd8 32. Qc3 Kg8 33. e5 Qc5+ 34. Kh1 Nd5 35. Bxd5 Rxd5 36. e6 fxe6 37. Qf6 Rd6 38. Rf1 Qc6+ 39. Kg1 Qc5+ 40. Kh2 Rd2+
41. Kg3 Rd3+ 42. Kh4 Re3 43. Rd1 g5+ 44. Qxg5+ Qxg5+ 45. Kxg5 Rxh3 46. Rd6 Rh2 47. Rxe6 Rxa2 48. Rxb6 Rb2 49. Kf6 Rf2+ 50. Ke5 Rg2
51. Rxa6 Rxg4 52. c5 Rg5+ 53. Kd4 Rg4+ 54. Kd5 Rb4 55. Rb6
1-0

[Event "Spring Tournament 2016 1500-2400"]
[Site "SchemingMind.com"]
[Date "2016.04.10"]
[Round "-"]
[White "Scooter"]
[Black "Stephen Woodhouse"]
[Result "1/2-1/2"]
[WhiteCountry "USA"]
[BlackCountry "ENG"]
[WhiteElo "1710"]
[WhiteRD "48"]
[BlackElo "1842"]
[BlackRD "51"]
[GameID "397869"]

1. d4 e6 2. Nf3 d5 3. Bf4 Bd6 4. Bxd6 Qxd6 5. c3 Nf6 6. e3 O-O 7. Be2 c5 8. O-O Nc6 9. Nbd2 Bd7 10. dxc5 Qxc5
11. Nd4 e5 12. Nxc6 bxc6 13. Nb3 Qb6 14. h3 a5 15. Qc2 Ne4 16. Rad1 Bf5 17. Bd3 a4 18. Nd2 Nxd2 19. Rxd2 Bxd3 20. Rxd3 f5
21. Rfd1 f4 22. exf4 Rxf4 23. g3 Rf6 24. Qe2 Raf8 25. Rf1 e4 26. Rd4 Rf3 27. Kg2 a3 28. Rb4 Qc5 29. bxa3 Qxc3 30. Rb3 Qf6
31. Kg1 Qf5 32. Rxf3 Qxf3 33. Qxf3 Rxf3 34. Rc1 Rxa3 35. Rxc6 Rxa2 36. Rd6 Rd2 37. Kf1 Kf7 38. Ke1 Rd3 39. Ke2 Ke7 40. Rb6 d4
41. Rb7+ Kf6 42. Rb6+ Ke5 43. Rb5+ Kd6 44. Rb7 Ra3 45. Rxg7 Ra2+ 46. Ke1 Kc5 47. Rxh7 Kc4 48. Rc7+ Kd3 49. Rc1 Re2+ 50. Kf1 Rc2
51. Rd1+ Rd2 52. Ke1 Rxd1+ 53. Kxd1 Kc4 54. Ke2 Kc3 55. Kd1 Kc4 56. h4 Kd5 57. g4 Ke5 58. h5 Kf6 59. Ke2 Kg5 60. f3 e3
61. Kd3 Kf4 62. h6 Kxf3 63. h7 e2 64. h8=Q e1=Q 65. Qf6+=
1/2-1/2

[Event "Spring Tournament 2016 1500-2400"]
[Site "SchemingMind.com"]
[Date "2016.04.10"]
[Round "-"]
[White "Stephen Woodhouse"]
[Black "Scooter"]
[Result "1-0"]
[WhiteCountry "ENG"]
[BlackCountry "USA"]
[WhiteElo "1842"]
[WhiteRD "51"]
[BlackElo "1710"]
[BlackRD "48"]
[GameID "397870"]

1. e4 c6 2. d4 d5 3. exd5 cxd5 4. c4 dxc4 5. Bxc4 Nf6 6. Nc3 g6 7. Nf3 Bg7 8. O-O O-O 9. h3 a6 10. Qe2 b5
11. Bb3 Bb7 12. Bg5 Nbd7 13. Rfd1 e6 14. Rac1 Rc8 15. d5 Re8 16. dxe6 fxe6 17. Ne5 Rc7 18. Rd6 Qc8 19. Ng4 b4 20. Rxe6 bxc3
21. Rxe8#
1-0

[Event "Spring Tournament 2016 1500-2400"]
[Site "SchemingMind.com"]
[Date "2016.04.09"]
[Round "-"]
[White "fanfan_la_Tulipe"]
[Black "Stephen Woodhouse"]
[Result "1-0"]
[WhiteCountry "AUT"]
[BlackCountry "ENG"]
[WhiteElo "2184"]
[WhiteRD "88"]
[BlackElo "1875"]
[BlackRD "53"]
[GameID "397871"]

1. Nf3 e6 2. c4 d5 3. b3 Be7 4. Bb2 Bf6 5. Qc1 Bxb2 6. Qxb2 Qf6 7. Nc3 Ne7 8. d4 O-O 9. e3 Nd7 10. Bd3 c5
11. O-O cxd4 12. exd4 dxc4 13. Bxc4 Nb6 14. Bd3 Ned5 15. Ne4 Qe7 16. Rfe1 Nf4 17. Bf1 Bd7 18. Ne5 Rac8 19. Nc5 Ng6 20. Nxb7 Bb5
21. Bxb5 Qxb7 22. Nxg6 hxg6 23. Be2 Rfd8 24. Rac1 Kf8 25. Red1 Nd5 26. Bf3 Rxc1 27. Rxc1 Rc8 28. Qa3+ Kg8 29. Rxc8+ Qxc8 30. Qc5 Qd7
31. Bxd5 exd5 32. f3 a6 33. a3 Qe6 34. Kf2 Kh7 35. b4 g5 36. a4 g4 37. b5 gxf3 38. gxf3 axb5 39. axb5 Qh3 40. Qxd5 Qxh2+
41. Ke3 Qg1+ 42. Kd3 Qb1+ 43. Kc4 Qc2+ 44. Kb4 Qd2+ 45. Kc5 Qc1+ 46. Kb6 f6 47. Qh5+ Kg8 48. Qe8+ Kh7 49. Qe4+ Kg8 50. Kb7 Qc4
51. Qe8+ Kh7 52. Qh5+ Kg8 53. Qc5 Qf7+ 54. Qc7 Qd5+ 55. Qc6 Qxd4 56. b6 Qe3 57. Kb8 Qf4+ 58. Ka8 Qe5 59. b7 Qa5+ 60. Kb8 Kh7
61. Kc8 Qf5+ 62. Kd8 Qd3+ 63. Kc7
1-0

[Event "Spring Tournament 2016 1500-2400"]
[Site "SchemingMind.com"]
[Date "2016.04.09"]
[Round "-"]
[White "Stephen Woodhouse"]
[Black "fanfan_la_Tulipe"]
[Result "1/2-1/2"]
[WhiteCountry "ENG"]
[BlackCountry "AUT"]
[WhiteElo "1831"]
[WhiteRD "52"]
[BlackElo "2177"]
[BlackRD "82"]
[GameID "397872"]

1. e4 e5 2. Nf3 Nc6 3. d4 exd4 4. Nxd4 Nf6 5. Nc3 Bb4 6. Nxc6 bxc6 7. Bd3 d5 8. exd5 cxd5 9. O-O O-O 10. Bg5 c6
11. Qf3 Bd6 12. Rae1 Rb8 13. Nd1 h6 14. Bxf6 Qxf6 15. Qxf6 gxf6 16. b3 a5 17. a4 Bb4 18. Re2 Bg4 19. f3 Be6 20. Ne3 Rfe8
21. Nf5 h5 22. g4 Bxf5 23. Rxe8+ Rxe8 24. Bxf5 h4 25. Kg2 Kg7 26. Bd3 Bd6 27. Rf2 Bf4 28. Re2 Rxe2+=
1/2-1/2

[Event "Spring Tournament 2016 1500-2400"]
[Site "SchemingMind.com"]
[Date "2016.05.02"]
[Round "-"]
[White "Phillip Beckett"]
[Black "Scooter"]
[Result "1-0"]
[WhiteCountry "ENG"]
[BlackCountry "USA"]
[WhiteElo "1556"]
[WhiteRD "49"]
[BlackElo "1731"]
[BlackRD "47"]
[GameID "398805"]

1. e4 c6 2. d4 d5 3. Nc3 dxe4 4. Nxe4 Bf5 5. Ng3 Bg6 6. Nf3 Nd7 7. c3 Qc7 8. Bd3 Bxd3 9. Qxd3 O-O-O 10. Qe4 Ngf6
11. Qe2 e6 12. Ne4 Nxe4 13. Qxe4 Nf6 14. Qe5 Bd6 15. Qe2 Ng4 16. h3 Nf6 17. Be3 Nd5 18. O-O-O Nxe3 19. fxe3 h6 20. e4 Kb8
21. e5 Be7 22. Kb1 Qb6 23. Nd2 Ba3 24. Nb3 Be7 25. Qf2 Rhf8 26. Qg3 g6 27. Qe3 Bg5 28. Qf2 Rd5 29. h4 Be7 30. g3 Rxe5
31. Qf4
1-0

[Event "Spring Tournament 2016 1500-2400"]
[Site "SchemingMind.com"]
[Date "2016.05.02"]
[Round "-"]
[White "Scooter"]
[Black "Phillip Beckett"]
[Result "1-0"]
[WhiteCountry "USA"]
[BlackCountry "ENG"]
[WhiteElo "1731"]
[WhiteRD "47"]
[BlackElo "1556"]
[BlackRD "49"]
[GameID "398806"]

1. d4 d5 2. Nf3 Nf6 3. Bf4 e6 4. e3 c5 5. Bb5+ Bd7 6. Bxd7+ Nbxd7 7. c3 Be7 8. O-O O-O 9. h3 Qb6 10. Qb3 c4
11. Qc2 Qa6 12. Nbd2 Nb6 13. e4 Qa4 14. b3 cxb3 15. axb3 Qd7 16. exd5 Nbxd5 17. Bg3 Rfc8 18. c4 Nb4 19. Qb1 Bd6 20. Bxd6 Qxd6
21. Ne4 Nxe4 22. Qxe4 Qc6 23. Qh4 a6 24. Ng5 h6 25. Nf3 Qe8 26. Qe4 Qc6 27. Rfe1 Qxe4 28. Rxe4 Nc6 29. Ne5 Rd8 30. Nxc6 bxc6
31. Ra5 Rdb8 32. Re3 Rb4 33. Rc5 Rab8 34. Rxc6 Rxb3 35. Rxa6 Rxe3 36. fxe3 Rb3 37. Kf2 Rc3 38. c5 Rc2+ 39. Kf3 Kf8 40. Ra8+ Ke7
41. Ra7+ Kf6 42. h4 e5 43. h5 exd4 44. exd4 Rc3+ 45. Ke4 Rc2 46. g4 Re2+ 47. Kd5 Rg2 48. c6 Rc2 49. Kd6 Rd2 50. d5 Kg5
51. Rxf7 Rd4 52. Rxg7+ Kh4 53. c7
1-0

[Event "Spring Tournament 2016 1500-2400"]
[Site "SchemingMind.com"]
[Date "2016.05.03"]
[Round "-"]
[White "Phillip Beckett"]
[Black "fanfan_la_Tulipe"]
[Result "0-1"]
[WhiteCountry "ENG"]
[BlackCountry "AUT"]
[WhiteElo "1549"]
[WhiteRD "51"]
[BlackElo "2149"]
[BlackRD "85"]
[GameID "398807"]

1. e4 e5 2. Nf3 Nc6 3. Bb5 a6 4. Bxc6 dxc6 5. d4 exd4 6. Qxd4 Qxd4 7. Nxd4 Bd7 8. Be3 O-O-O 9. Nd2 c5 10. N4b3 b6
11. O-O-O Ne7 12. f3 Nc6 13. Nc4 Be7 14. Bf4 Be6 15. Ne5 Nxe5 16. Bxe5 f6 17. Bg3 c4 18. Nd4 Bd7 19. Rhe1 c5 20. Ne2 Bc6
21. Rxd8+ Rxd8 22. Rd1 Rxd1+ 23. Kxd1 b5 24. Nc3 Kd7 25. Ke2 b4 26. Nd1 Bb5 27. Ke3 a5 28. c3 Ke6 29. Bc7 a4 30. Ba5 f5
31. exf5+ Kxf5 32. g3 g5 33. h3 h5 34. g4+ hxg4 35. hxg4+ Ke5 36. Nf2 a3 37. bxa3 b3 38. axb3 cxb3 39. c4 Bxc4 40. Nd3+ Kd5
41. Nb2 Bf6 42. Nxc4 Kxc4 43. Kd2 Be5 44. Kc1 Kb5 45. Bd2 Bf6 46. Kb1 Ka4 47. Bc1 c4 48. f4 gxf4 49. Bxf4 Kxa3 50. g5 Bg7
51. Bc1+ Kb4 52. Bd2+ c3 53. Bc1 c2#
0-1

[Event "Spring Tournament 2016 1500-2400"]
[Site "SchemingMind.com"]
[Date "2016.05.02"]
[Round "-"]
[White "fanfan_la_Tulipe"]
[Black "Phillip Beckett"]
[Result "1-0"]
[WhiteCountry "AUT"]
[BlackCountry "ENG"]
[WhiteElo "2177"]
[WhiteRD "82"]
[BlackElo "1556"]
[BlackRD "49"]
[GameID "398808"]

1. Nf3 Nf6 2. c4 e6 3. g3 d5 4. Bg2 Be7 5. O-O O-O 6. b3 c6 7. Bb2 Nbd7 8. d4 Ne4 9. Nfd2 f5 10. f3 Nxd2
11. Nxd2 Nf6 12. e4 fxe4 13. fxe4 dxe4 14. Nxe4 Nxe4 15. Bxe4 Rxf1+ 16. Qxf1 Bd7 17. Qe2 Qc7 18. Qh5 g6 19. Bxg6 hxg6 20. Qxg6+ Kf8
21. Rf1+
1-0

[Event "Spring Tournament 2016 1500-2400"]
[Site "SchemingMind.com"]
[Date "2016.05.02"]
[Round "-"]
[White "Phillip Beckett"]
[Black "Stephen Woodhouse"]
[Result "1-0"]
[WhiteCountry "ENG"]
[BlackCountry "ENG"]
[WhiteElo "1556"]
[WhiteRD "49"]
[BlackElo "1831"]
[BlackRD "52"]
[GameID "398809"]

1. e4 e6 2. d4 d5 3. Nd2 c5 4. exd5 Qxd5 5. dxc5 Bxc5 6. Ngf3 Nf6 7. Bc4 Qd6 8. O-O O-O 9. Nb3 Qxd1 10. Rxd1 Nc6
11. Bg5 h6 12. Bh4 a6 13. Nxc5
1-0

[Event "Spring Tournament 2016 1500-2400"]
[Site "SchemingMind.com"]
[Date "2016.05.02"]
[Round "-"]
[White "Stephen Woodhouse"]
[Black "Phillip Beckett"]
[Result "1-0"]
[WhiteCountry "ENG"]
[BlackCountry "ENG"]
[WhiteElo "1831"]
[WhiteRD "52"]
[BlackElo "1556"]
[BlackRD "49"]
[GameID "398810"]

1. e4 e6 2. d4 d5 3. Nd2 c5 4. exd5 cxd4 5. dxe6 Bxe6 6. Ngf3 Nc6 7. Bb5 Nf6 8. O-O Be7 9. Nb3 O-O 10. Nbxd4 Nxd4
11. Qxd4 Qxd4 12. Nxd4 Bd5 13. f3 Bc5 14. Be3 a6 15. Bd3 Rad8 16. Nf5 Bxe3+ 17. Nxe3 Bc6 18. Rae1 Rfe8 19. Nf5 Kf8 20. Kf2 Rxe1
21. Rxe1 g6 22. Ne3 Re8 23. Nc4 Rxe1 24. Kxe1 Bb5 25. Kd2 Nd5 26. g3 Nb4 27. a3 Nxd3 28. Kxd3 Bc6 29. Ne5 Ke7 30. Nxc6+ bxc6
31. b4 Kd6 32. Kd4 f6 33. c3 h6 34. h3 f5 35. f4 g5 36. fxg5 hxg5 37. c4 Ke6 38. a4 Kd6 39. h4 gxh4 40. gxh4
1-0

[Event "Spring Tournament 2016 1500-2400"]
[Site "SchemingMind.com"]
[Date "2016.05.03"]
[Round "-"]
[White "Phillip Beckett"]
[Black "Ed Mason"]
[Result "0-1"]
[WhiteCountry "ENG"]
[BlackCountry "WLS"]
[WhiteElo "1549"]
[WhiteRD "52"]
[BlackElo "1762"]
[BlackRD "134"]
[GameID "398854"]

1. e4 e5 2. Nf3 Nc6 3. Bb5 a6 4. Bxc6 dxc6 5. d4 exd4 6. Qxd4 Qxd4 7. Nxd4 Bc5 8. Nb3 Bd6 9. Be3 Nf6 10. N1d2 O-O
11. f3 Be6 12. O-O-O Rad8 13. g3 Rfe8 14. f4 Be7 15. Rhe1 Rd7 16. e5 Nd5 17. Bg1 b5 18. c4 bxc4 19. Nxc4 Nb4 20. Rxd7 Bxd7
21. Rd1 Bf5 22. Bc5 Nd3+ 23. Rxd3 Bxd3 24. Bxe7 Rxe7 25. Ncd2 f6 26. exf6 Re1#
0-1

[Event "Spring Tournament 2016 1500-2400"]
[Site "SchemingMind.com"]
[Date "2016.05.03"]
[Round "-"]
[White "Ed Mason"]
[Black "Phillip Beckett"]
[Result "1-0"]
[WhiteCountry "WLS"]
[BlackCountry "ENG"]
[WhiteElo "1622"]
[WhiteRD "108"]
[BlackElo "1572"]
[BlackRD "52"]
[GameID "398855"]

1. e4 e5 2. Nf3 Nc6 3. Bb5 a6 4. Ba4 Nf6 5. d3 b5 6. Bb3 Be7 7. O-O O-O 8. a4 Rb8 9. axb5 axb5 10. Re1 d6
11. Nc3 Nd4 12. Nxd4 exd4 13. Nd5 Nxd5 14. Bxd5 Bb7 15. Bxb7 Rxb7 16. Qg4 Bf6 17. Bd2 Be5 18. Ra5 c6 19. c3 dxc3 20. Bxc3 Qf6
21. Bxe5 Qxe5 22. Re3 Qxb2 23. h3 Qc1+ 24. Kh2 Qc3 25. Rg3 g6 26. Ra2 Qe5 27. f4 Qe6 28. Qxe6 fxe6 29. Rg4 Rbf7 30. g3 d5
31. Ra6 Rc7 32. Rg5 Kg7 33. h4 h6 34. Re5 Kf6 35. exd5 exd5 36. d4 Rd8 37. Kg2 Kg7 38. Re6 Rdc8 39. Kf3 Kf7 40. Rd6 Kg7
41. Rb6 Kf7= 42. Kg4 Ke7 43. Rxg6
1-0

[Event "Spring Tournament 2016 1500-2400"]
[Site "SchemingMind.com"]
[Date "2016.05.03"]
[Round "-"]
[White "Scooter"]
[Black "Ed Mason"]
[Result "1-0"]
[WhiteCountry "USA"]
[BlackCountry "WLS"]
[WhiteElo "1731"]
[WhiteRD "47"]
[BlackElo "1768"]
[BlackRD "147"]
[GameID "398856"]

1. d4 Nf6 2. Nf3 g6 3. Bf4 d6 4. e3 Bg7 5. Be2 O-O 6. O-O Re8 7. Nbd2 Nbd7 8. h3 e5 9. dxe5 dxe5 10. Bg5 h6
11. Bxf6 Bxf6 12. e4 Bg7 13. b4 Nf6 14. c4 Be6 15. Nxe5 Nxe4 16. Nxe4 Bxe5 17. Qxd8 Raxd8 18. Rad1 Rxd1 19. Rxd1 Bf5 20. Bf3 Kg7
21. Nc5 b6 22. Nd7 Bf6 23. Nxf6 Kxf6 24. Kf1 Ke7 25. Bc6 Rd8 26. Re1+ Kf8 27. Bd5 Re8 28. Rxe8+ Kxe8 29. Ke2 Bb1 30. Kd2 Bxa2
31. Kc2 b5 32. Bc6+ Ke7 33. Bxb5 c6 34. Ba6 Ke6 35. Kb2
1-0

[Event "Spring Tournament 2016 1500-2400"]
[Site "SchemingMind.com"]
[Date "2016.05.03"]
[Round "-"]
[White "Ed Mason"]
[Black "Scooter"]
[Result "1-0"]
[WhiteCountry "WLS"]
[BlackCountry "USA"]
[WhiteElo "1768"]
[WhiteRD "147"]
[BlackElo "1731"]
[BlackRD "47"]
[GameID "398857"]

1. e4 c6 2. d4 d5 3. Nc3 dxe4 4. Nxe4 Bf5 5. Ng3 Bg6 6. h4 h6 7. h5 Bh7 8. Bd3 Bxd3 9. Qxd3 Nd7 10. Nf3 Qc7
11. Rh4 e6 12. Bf4 Bd6 13. Bxd6 Qxd6 14. O-O-O O-O-O 15. Ne4 Qc7 16. Qa3 Kb8 17. Nd6 Ndf6 18. Ne5 Rxd6 19. Nxf7 Rd7 20. Nxh8 Ne7
21. Ng6
1-0

[Event "Spring Tournament 2016 1500-2400"]
[Site "SchemingMind.com"]
[Date "2016.05.03"]
[Round "-"]
[White "fanfan_la_Tulipe"]
[Black "Ed Mason"]
[Result "1-0"]
[WhiteCountry "AUT"]
[BlackCountry "WLS"]
[WhiteElo "2184"]
[WhiteRD "88"]
[BlackElo "1622"]
[BlackRD "108"]
[GameID "398858"]

1. Nf3 Nf6 2. c4 g6 3. g3 Bg7 4. Bg2 O-O 5. O-O d6 6. d4 Nc6 7. Nc3 e5 8. d5 Ne7 9. c5 a6 10. cxd6 cxd6
11. a4 Bg4 12. e4 Nh5 13. h3 Bd7 14. Be3 Qc8 15. Kh2 f5 16. Bg5 Bf6 17. Bh6
1-0

[Event "Spring Tournament 2016 1500-2400"]
[Site "SchemingMind.com"]
[Date "2016.05.03"]
[Round "-"]
[White "Ed Mason"]
[Black "fanfan_la_Tulipe"]
[Result "0-1"]
[WhiteCountry "WLS"]
[BlackCountry "AUT"]
[WhiteElo "1619"]
[WhiteRD "112"]
[BlackElo "2149"]
[BlackRD "85"]
[GameID "398859"]

1. e4 e5 2. Nf3 Nc6 3. Bb5 a6 4. Ba4 Nf6 5. d3 b5 6. Bb3 Bc5 7. O-O d6 8. Bg5 h6 9. Bh4 g5 10. Bg3 Bg4
11. Nbd2 O-O 12. h3 Bh5 13. Qe1 Qe7 14. Rd1 Nd4 15. Nxd4 Bxd4 16. c3 Bxd1 17. Bxd1 Bb6 18. h4 g4 19. Kh2 Qe6 20. f3 gxf3
21. Rxf3 Ng4+ 22. Kh1 Qxa2 23. Rf5 Ne3 24. Rh5 Qe6 25. Bf2 Nxd1 26. Bxb6 cxb6 27. Qxd1 Qg6 28. Nf1 f5 29. exf5 Rxf5 30. Rxf5 Qxf5
31. Qe1 Rf8 32. Qg3+ Kh7 33. Nd2 Qf2
0-1

[Event "Spring Tournament 2016 1500-2400"]
[Site "SchemingMind.com"]
[Date "2016.05.03"]
[Round "-"]
[White "Stephen Woodhouse"]
[Black "Ed Mason"]
[Result "1/2-1/2"]
[WhiteCountry "ENG"]
[BlackCountry "WLS"]
[WhiteElo "1831"]
[WhiteRD "52"]
[BlackElo "1768"]
[BlackRD "147"]
[GameID "398860"]

1. e4 e5 2. Nf3 Nc6 3. d4 exd4 4. Nxd4 Qh4 5. Nc3 Bb4 6. Be2 Qxe4 7. Nb5 Bxc3+ 8. bxc3 Kd8 9. O-O a6 10. Bf3 Qc4
11. Nd6 cxd6 12. Qxd6 Qe6 13. Qf8+ Qe8 14. Qxg7 Nge7 15. Ba3 Qf8 16. Qf6 Rg8 17. Bxc6 dxc6 18. Rfe1 Be6 19. Rad1+ Ke8 20. f4 Rg6
21. Qe5 Qg8 22. f5 Rxg2+ 23. Kh1 Qg4 24. fxe6 Rg1+ 25. Rxg1 Qf3+ 26. Rg2 Qxd1+ 27. Rg1 Qf3+=
1/2-1/2

[Event "Spring Tournament 2016 1500-2400"]
[Site "SchemingMind.com"]
[Date "2016.05.03"]
[Round "-"]
[White "Ed Mason"]
[Black "Stephen Woodhouse"]
[Result "0-1"]
[WhiteCountry "WLS"]
[BlackCountry "ENG"]
[WhiteElo "1622"]
[WhiteRD "108"]
[BlackElo "1875"]
[BlackRD "53"]
[GameID "398861"]

1. e4 e6 2. d4 d5 3. Nd2 c5 4. Ngf3 cxd4 5. Nxd4 Nf6 6. exd5 Qxd5 7. Nb5 Na6 8. Nc3 Qd6 9. Bc4 Bd7 10. O-O Rc8
11. Bxa6 Qxa6 12. Re1 Bb4 13. Nce4 Nxe4 14. Rxe4 Be7 15. Nf3 Bc6 16. Rd4 O-O 17. c3 Rfd8 18. Be3 Bf6 19. Rxd8+ Rxd8 20. Qc2 Bxf3
21. gxf3 Qc6 22. Qe2 a6 23. Rd1 Qc7 24. Rxd8+ Qxd8 25. Qc4 g6 26. Bd4 Bxd4 27. Qxd4 Qxd4 28. cxd4 Kg7 29. Kf1 Kf6 30. Ke2 Kf5
31. Ke3 f6 32. b4 b5 33. a3 h6
0-1

[Event "Spring Tournament 2016 1500-2400"]
[Site "SchemingMind.com"]
[Date "2016.05.06"]
[Round "-"]
[White "Phillip Beckett"]
[Black "William Lindberg"]
[Result "0-1"]
[WhiteCountry "ENG"]
[BlackCountry "USA"]
[WhiteElo "1556"]
[WhiteRD "49"]
[BlackElo "2320"]
[BlackRD "66"]
[GameID "398943"]

1. e4 e6 2. d4 d5 3. Nd2 dxe4 4. Nxe4 Nd7 5. Nf3 Ngf6 6. Bg5 Be7 7. Nxf6+ Bxf6 8. Bxf6 Nxf6 9. c3 O-O 10. Bd3 b6
11. O-O Bb7 12. Ne5 Qd5 13. f3 c5 14. dxc5 Qxc5+ 15. Kh1 Qxe5 16. Re1 Qc7 17. Qe2 Rfd8 18. Bc2 Rd5 19. Be4 Rh5 20. h3 Nxe4
21. fxe4 Rh6 22. e5 Rxh3+ 23. Kg1 Qc5+ 24. Qf2 Rh1+ 25. Kxh1 Qxf2
0-1

[Event "Spring Tournament 2016 1500-2400"]
[Site "SchemingMind.com"]
[Date "2016.05.06"]
[Round "-"]
[White "William Lindberg"]
[Black "Phillip Beckett"]
[Result "1-0"]
[WhiteCountry "USA"]
[BlackCountry "ENG"]
[WhiteElo "2320"]
[WhiteRD "66"]
[BlackElo "1556"]
[BlackRD "49"]
[GameID "398944"]

1. c4 e5 2. Nc3 Nf6 3. Nf3 Nc6 4. e3 d5 5. cxd5 Nxd5 6. Bb5 Qd6 7. O-O Bd7 8. d4 exd4 9. exd4 a6 10. Ne4 Qe7
11. Ba4 Nb6 12. Re1 Nxa4 13. Bg5 f6 14. Bxf6 gxf6 15. Nxf6+ Kf7 16. Rxe7+ Bxe7 17. Nxd7 Rad8 18. Nfe5+ Ke6 19. d5+ Kd6 20. dxc6+ Ke6
21. Qg4+
1-0

[Event "Spring Tournament 2016 1500-2400"]
[Site "SchemingMind.com"]
[Date "2016.05.06"]
[Round "-"]
[White "Scooter"]
[Black "William Lindberg"]
[Result "0-1"]
[WhiteCountry "USA"]
[BlackCountry "USA"]
[WhiteElo "1731"]
[WhiteRD "47"]
[BlackElo "2320"]
[BlackRD "66"]
[GameID "398945"]

1. d4 Nf6 2. Nf3 h6 3. Bf4 d5 4. e3 Nc6 5. Bb5 e6 6. O-O Bd6 7. Bxd6 cxd6 8. Nbd2 O-O 9. Bxc6 bxc6 10. c4 Qb6
11. b3 c5 12. cxd5 exd5 13. dxc5 dxc5 14. h3 Bf5 15. Nh4 Bh7 16. Nhf3 a5 17. Rc1 a4 18. Re1 axb3 19. axb3 Ra2 20. Ra1 Rfa8
21. Rxa2 Rxa2 22. Ne5 Qb4 23. Ndc4 Bc2 24. Nc6 Qxb3
0-1

[Event "Spring Tournament 2016 1500-2400"]
[Site "SchemingMind.com"]
[Date "2016.05.06"]
[Round "-"]
[White "William Lindberg"]
[Black "Scooter"]
[Result "1-0"]
[WhiteCountry "USA"]
[BlackCountry "USA"]
[WhiteElo "2320"]
[WhiteRD "66"]
[BlackElo "1731"]
[BlackRD "47"]
[GameID "398946"]

1. e4 c6 2. d4 d5 3. e5 Bf5 4. Be2 e6 5. Nf3 h6 6. O-O Nd7 7. Nbd2 c5 8. c4 dxc4 9. Nxc4 b5 10. Ne3 Bg6
11. Bxb5 a6 12. Ba4 Bh5 13. Nc4 Bxf3 14. Qxf3 Rb8 15. Rd1 Qc7 16. dxc5 Rd8 17. Bxd7+ Rxd7 18. Rxd7 Qxd7 19. Nb6 Qc7 20. Qa8+ Qd8
21. Qc6+
1-0

[Event "Spring Tournament 2016 1500-2400"]
[Site "SchemingMind.com"]
[Date "2016.05.07"]
[Round "-"]
[White "fanfan_la_Tulipe"]
[Black "William Lindberg"]
[Result "0-1"]
[WhiteCountry "AUT"]
[BlackCountry "USA"]
[WhiteElo "2149"]
[WhiteRD "85"]
[BlackElo "2415"]
[BlackRD "70"]
[GameID "398947"]

1. Nf3 d5 2. c4 d4 3. g3 Nf6 4. Bg2 Nc6 5. d3 e5 6. O-O Bd6 7. e3 O-O 8. exd4 Nxd4 9. h3 Be6 10. Nc3 Nxf3+
11. Qxf3 c6 12. Bg5 h6 13. Bxf6 Qxf6 14. Qxf6 gxf6 15. Rad1 Rad8 16. Rfe1 Kg7 17. Bf1 Bc5 18. a3 Bd4 19. Kg2 Rg8 20. Be2 f5
21. Bf3 Rd7 22. Rb1 a6 23. Ne2 Ba7 24. Rbd1 Rgd8 25. Nc1 e4 26. dxe4 fxe4 27. Be2 Rxd1 28. Rxd1 Rxd1 29. Bxd1 Bxc4 30. Ne2 f5
31. Nf4 Kf6 32. h4 b5 33. Ne2 a5 34. b3 Bf7 35. Kf1 Bc5 36. a4 Ke5 37. Bc2 bxa4 38. bxa4 Bb4 39. Nf4 Bd2 40. Ne2 Bc4
41. Bd1 c5 42. Kg2 Bd3
0-1

[Event "Spring Tournament 2016 1500-2400"]
[Site "SchemingMind.com"]
[Date "2016.05.06"]
[Round "-"]
[White "William Lindberg"]
[Black "fanfan_la_Tulipe"]
[Result "1-0"]
[WhiteCountry "USA"]
[BlackCountry "AUT"]
[WhiteElo "2392"]
[WhiteRD "70"]
[BlackElo "2184"]
[BlackRD "88"]
[GameID "398948"]

1. e4 e5 2. Nf3 Nc6 3. Bb5 a6 4. Bxc6 dxc6 5. O-O Qd6 6. Na3 b5 7. c3 Bg4 8. d4 Rd8 9. Nc2 c5 10. Ne3 Bh5
11. dxe5 Qxd1 12. Nxd1 Ne7 13. Bf4 Ng6 14. Bg3 Be7 15. Ne3 Bxf3 16. gxf3 h5 17. h3 h4 18. Bh2 Rd2 19. Rab1 c4 20. Rfd1 Rxd1+
21. Rxd1 Bg5 22. Nd5 Bd8 23. Nb4 O-O 24. f4 Re8 25. f5 Nf8 26. Nxa6 Kh7 27. Bf4 Kg8 28. Be3 Kh7 29. Kg2 Nd7 30. Rxd7
1-0

[Event "Spring Tournament 2016 1500-2400"]
[Site "SchemingMind.com"]
[Date "2016.05.08"]
[Round "-"]
[White "Stephen Woodhouse"]
[Black "William Lindberg"]
[Result "0-1"]
[WhiteCountry "ENG"]
[BlackCountry "USA"]
[WhiteElo "1831"]
[WhiteRD "52"]
[BlackElo "2320"]
[BlackRD "66"]
[GameID "398949"]

1. e4 e6 2. d4 d5 3. Nd2 c5 4. exd5 exd5 5. Bb5+ Bd7 6. Qe2+ Be7 7. dxc5 Nf6 8. Nb3 O-O 9. Be3 a6 10. Bxd7 Nbxd7
11. O-O-O Re8 12. Nf3 Nxc5 13. Nxc5 Bxc5 14. Nd4 Qd7 15. Rhe1 Ng4 16. Qf3 Re4 17. Nf5 Bxe3+ 18. Nxe3 Qe6 19. h3 Nf6 20. c3 Re8
21. Nc2 h6 22. Rxe4 dxe4 23. Qe2 Qxa2 24. Nb4 Qa1+ 25. Kc2 Qa5 26. Qd2 Qc5 27. Qd4 Qg5 28. g3 e3 29. fxe3 Qxg3
0-1